MARC

LEADER 00000nam0a2200000 4500
001 57122
005 20231031054058.0
010 |a 1898326444 
035 |a (RuTPU)RU\TPU\book\60254 
090 |a 57122 
100 |a 20031023d2003 k y0rusy50 ca 
101 0 |a rus 
102 |a RU 
105 |a a z 001zy 
200 1 |a Геофизика. Радиофизика. Физика  |e Сборник статей  |f Е. Т. Протасевич  |g Томский политехнический университет 
210 |a Томск  |c Изд-во ТПУ  |d 2003 
215 |a 88 с.  |c ил. 
320 |a Библиогр.: с. 88 
610 1 |a окружающая среда 
610 1 |a радиационный мониторинг 
610 1 |a физические методы 
610 1 |a СВЧ 
610 1 |a водород 
610 1 |a получение 
610 1 |a плазмохимический реактор 
610 1 |a воздух 
610 1 |a влажность 
610 1 |a Томск 
610 1 |a телецентр 
610 1 |a излучение 
610 1 |a устройства 
675 |a 537.5  |v 3 
675 |a 504.064  |v 3 
700 1 |a Протасевич  |b Е. Т.  |g Евгений Трофимович 
712 0 2 |a Томский политехнический университет  |2 stltpush  |3 (RuTPU)RU\TPU\col\376 
801 1 |a RU  |b 63413507  |c 20031023  |g PSBO 
801 2 |a RU  |b 63413507  |c 20150911  |g PSBO 
942 |c BK